| 000 | 00645nam a2200193 i 4500 | ||
|---|---|---|---|
| 001 | bgj | ||
| 100 | 1 |
_aSHEPHERD, John _d(1933- ) |
|
| 245 | 1 | 0 |
_aMultilevel English grammar programme : _blevel 4 : student's book : with answers / _cJohn Shepherd. |
| 260 |
_aLondon : _bPrentice Hall Europe, _c1998. |
||
| 300 |
_aIX, 238 pp. : _bdrawings ; _c28 cm. |
||
| 650 | 9 |
_aEnglish language _xtextbooks for foreign speakers |
|
| 650 | 9 |
_aEnglish language _xgrammar _xstudy and teaching _xforeign speakers |
|
| 020 | _a0133660710 | ||
| 040 | _cBPK | ||
| 041 | 0 | _aeng | |
| 920 | _a0-13-366071-0 | ||
| 942 | _cKS | ||
| 008 | s uk f |000 0 eng | ||
| 999 |
_c48478 _d48478 |
||